000 00280nam a22001217a 4500
008 170713b xxu||||| |||| 00| 0 eng d
041 _aeng
080 _a101
100 _a24
101 _aFIL
245 _aANCIENT PHILOSOPHY AN INTRODUCTION
_cARMSTRONG.A.H
942 _2udc
_cBK
999 _c20568
_d20568